[Event "Hum na Sutli op 16th"]
[Site "Hum na Sutli"]
[Date "2024.08.23"]
[Round "8"]
[White "Zajdela, Karel"]
[Black "Kucelj, Kevin"]
[Result "1/2-1/2"]
[WhiteElo "1855"]
[BlackElo "1857"]
[PlyCount "31"]
[EventDate "2024.08.17"]
[EventType "swiss"]
[EventRounds "9"]
[EventCountry "CRO"]
[SourceTitle "EXT 2025"]
[Source "ChessBase"]
[SourceDate "2024.10.14"]
[SourceVersion "1"]
[SourceVersionDate "2024.10.14"]
[SourceQuality "1"]

1. Nf3 c5 2. g3 d5 3. c4 d4 4. d3 Nc6 5. Bg2 e5 6. 0-0 f6 7. Re1 Nge7 8. a3 Be6 9. Nbd2 g5 10. Ne4 Ng6 11. Nfxg5 fxg5 12. Bxg5 Be7 13. Nxc5 Bxg5 14. Nxe6 Qe7 15. Bd5 Bh6 16. b4 1/2-1/2

[Event "Hum na Sutli op 16th"]
[Site "Hum na Sutli"]
[Date "2024.08.19"]
[Round "4"]
[White "Kucelj, Kevin"]
[Black "Pazlar, Marko"]
[Result "1/2-1/2"]
[WhiteElo "1857"]
[BlackElo "1997"]
[PlyCount "76"]
[EventDate "2024.08.17"]
[EventType "swiss"]
[EventRounds "9"]
[EventCountry "CRO"]
[SourceTitle "EXT 2025"]
[Source "ChessBase"]
[SourceDate "2024.10.14"]
[SourceVersion "1"]
[SourceVersionDate "2024.10.14"]
[SourceQuality "1"]

1. e4 e6 2. d4 d5 3. Nc3 Bb4 4. e5 c5 5. a3 Bxc3+ 6. bxc3 Ne7 7. Qg4 Qc7 8. Qxg7 Rg8 9. Qxh7 cxd4 10. Ne2 Nbc6 11. f4 dxc3 12. Qd3 d4 13. Nxd4 Nxd4 14. Qxd4 Bd7 15. a4 Nf5 16. Qf2 Qa5 17. Bd3 Bc6 18. Rg1 0-0-0 19. g4 Nd4 20. Rg3 Qd5 21. Kd1 Qh1+ 22. Rg1 Qf3+ 23. Qxf3 Bxf3+ 24. Ke1 Bxg4 25. Kf2 Bf5 26. Rxg8 Rxg8 27. Bxf5 exf5 28. Ra3 Kd7 29. Rxc3 Ne6 30. Be3 b6 31. a5 bxa5 32. Ra3 Rc8 33. Rxa5 Rxc2+ 34. Kg3 Rc3 35. Rxa7+ Ke8 36. Kf3 Nd4+ 37. Kf2 Rc2+ 38. Kg3 Rc3 1/2-1/2

[Event "CRO-ch U15"]
[Site "Trogir"]
[Date "2024.06.25"]
[Round "5"]
[White "Kucelj, Kevin"]
[Black "Simunkovic, Bartol"]
[Result "0-1"]
[WhiteElo "1852"]
[BlackElo "1944"]
[PlyCount "62"]
[EventDate "2024.06.23"]
[EventType "swiss"]
[EventRounds "9"]
[EventCountry "CRO"]
[SourceTitle "EXT 2025"]
[Source "ChessBase"]
[SourceDate "2024.10.14"]
[SourceVersion "1"]
[SourceVersionDate "2024.10.14"]
[SourceQuality "1"]

1. e4 c5 2. Nf3 d6 3. d4 cxd4 4. Nxd4 Nf6 5. Nc3 a6 6. Bg5 Nbd7 7. f4 Qc7 8. Qf3 e6 9. 0-0-0 b5 10. a3 Bb7 11. g4 Be7 12. h4 0-0 13. Bxf6 Bxf6 14. g5 Bxd4 15. Rxd4 Rac8 16. h5 Nc5 17. Rd2 Qa5 18. Bg2 b4 19. Nb1 bxa3 20. Nxa3 Qb4 21. Re2 Na4 22. c4 Nb6 23. Rc2 Nxc4 24. Nxc4 Rxc4 25. Rxc4 Qxc4+ 26. Kb1 Rc8 27. Rh3 Qc2+ 28. Ka2 Rc5 29. Qf1 Rb5 30. Qb1 Ra5+ 31. Ra3 Rxa3+ 0-1

[Event "CRO-ch U13"]
[Site "Trogir"]
[Date "2023.06.26"]
[Round "9"]
[White "Kucelj, Kevin"]
[Black "Kaselic, Noa"]
[Result "0-1"]
[WhiteElo "1458"]
[BlackElo "1373"]
[PlyCount "68"]
[EventDate "2023.06.21"]
[EventType "swiss"]
[EventRounds "9"]
[EventCountry "CRO"]
[SourceTitle "EXT 2024"]
[Source "ChessBase"]
[SourceDate "2023.10.10"]
[SourceVersion "1"]
[SourceVersionDate "2023.10.10"]
[SourceQuality "1"]

1. e4 c5 2. Nf3 Nc6 3. d4 cxd4 4. Nxd4 Nf6 5. Nc3 e5 6. Nb3 Bb4 7. Qd3 a6 8. Bd2 0-0 9. 0-0-0 b5 10. Nd5 Bxd2+ 11. Rxd2 Rb8 12. Kb1 a5 13. g4 h6 14. h4 a4 15. Nc1 Nxd5 16. exd5 Ne7 17. Qe2 d6 18. g5 Nf5 19. Bh3 g6 20. Bxf5 Bxf5 21. gxh6 Kh7 22. Qe3 b4 23. Nd3 b3 24. cxb3 axb3 25. a3 Qa5 26. Rhd1 Qxd5 27. Ka1 Qa5 28. f4 exf4 29. Qxf4 Rfd8 30. Qd4 Kxh6 31. Qf4+ Kh7 32. Nb4 Rxb4 33. Qg5 Ra4 34. Qxd8 Rxa3+ 0-1

[Event "CRO-ch U13"]
[Site "Trogir"]
[Date "2023.06.25"]
[Round "8"]
[White "Domic, Vito"]
[Black "Kucelj, Kevin"]
[Result "0-1"]
[WhiteElo "1365"]
[BlackElo "1458"]
[PlyCount "70"]
[EventDate "2023.06.21"]
[EventType "swiss"]
[EventRounds "9"]
[EventCountry "CRO"]
[SourceTitle "EXT 2024"]
[Source "ChessBase"]
[SourceDate "2023.10.10"]
[SourceVersion "1"]
[SourceVersionDate "2023.10.10"]
[SourceQuality "1"]

1. d4 Nf6 2. c4 e6 3. g3 Bb4+ 4. Bd2 Qe7 5. Nf3 0-0 6. Bg2 Bxd2+ 7. Qxd2 Ne4 8. Qc2 Qb4+ 9. Nbd2 Nxd2 10. Nxd2 Nc6 11. e3 Qe7 12. 0-0 d6 13. Rac1 Bd7 14. a3 a5 15. d5 Nd8 16. b3 e5 17. f4 f5 18. e4 b6 19. Rce1 g6 20. Qc3 exf4 21. Rxf4 Nf7 22. Rff1 Ne5 23. Kh1 Rae8 24. exf5 Rxf5 25. Rxf5 Bxf5 26. Be4 Ng4 27. Kg2 Nf6 28. Bxf5 Qxe1 29. Be6+ Kg7 30. g4 Qe2+ 31. Kg3 Qxd2 32. Qf3 Rf8 33. Qh1 Ne4+ 34. Qxe4 Qf2+ 35. Kh3 Rf3+ 0-1

[Event "CRO-ch U13"]
[Site "Trogir"]
[Date "2023.06.25"]
[Round "7"]
[White "Kucelj, Kevin"]
[Black "Zrnic, Lovro"]
[Result "1-0"]
[WhiteElo "1458"]
[BlackElo "1688"]
[PlyCount "29"]
[EventDate "2023.06.21"]
[EventType "swiss"]
[EventRounds "9"]
[EventCountry "CRO"]
[SourceTitle "EXT 2024"]
[Source "ChessBase"]
[SourceDate "2023.10.10"]
[SourceVersion "1"]
[SourceVersionDate "2023.10.10"]
[SourceQuality "1"]

1. e4 e5 2. Nf3 Nc6 3. Nc3 Bc5 4. Bb5 Nf6 5. 0-0 0-0 6. Nxe5 Nxe5 7. d4 Bd6 8. f4 Ng6 9. e5 Be7 10. f5 Ne8 11. fxg6 fxg6 12. Bc4+ Kh8 13. Rxf8+ Bxf8 14. Qf3 Qe7 15. Nd5 1-0

[Event "CRO-ch U13"]
[Site "Trogir"]
[Date "2023.06.22"]
[Round "3"]
[White "Kucelj, Kevin"]
[Black "Brlekovic, Dominik"]
[Result "1/2-1/2"]
[WhiteElo "1458"]
[BlackElo "1278"]
[PlyCount "56"]
[EventDate "2023.06.21"]
[EventType "swiss"]
[EventRounds "9"]
[EventCountry "CRO"]
[SourceTitle "EXT 2024"]
[Source "ChessBase"]
[SourceDate "2023.10.10"]
[SourceVersion "1"]
[SourceVersionDate "2023.10.10"]
[SourceQuality "1"]

1. e4 e6 2. d4 d5 3. Nc3 Bb4 4. e5 c5 5. a3 cxd4 6. Qxd4 Nc6 7. Bb5 Bxc3+ 8. Qxc3 Bd7 9. Bxc6 Bxc6 10. Ne2 Ne7 11. Bg5 h6 12. Bxe7 Qxe7 13. Nd4 0-0 14. 0-0 Rac8 15. Qd2 Qc7 16. f4 Qb6 17. Kh1 Bb5 18. Rf3 Rc4 19. c3 Bd7 20. Rg3 Kh7 21. Re1 Rcc8 22. Ree3 f5 23. Rh3 Qd8 24. Reg3 Rg8 25. Qe2 Qe7 26. Nf3 Rh8 27. Nd4 Be8 28. Qd3 Kg8 1/2-1/2

[Event "CRO-ch U13"]
[Site "Trogir"]
[Date "2022.06.26"]
[Round "8"]
[White "Kucelj, Kevin"]
[Black "Petrus, Adrian"]
[Result "1/2-1/2"]
[WhiteElo "1416"]
[BlackElo "1537"]
[PlyCount "209"]
[EventDate "2022.06.22"]
[EventType "swiss"]
[EventRounds "9"]
[EventCountry "CRO"]
[SourceTitle "CBM 209 Extra"]
[Source "ChessBase"]
[SourceDate "2022.09.30"]
[SourceVersion "1"]
[SourceVersionDate "2022.09.30"]
[SourceQuality "1"]

1. e4 Nf6 2. e5 Nd5 3. d4 d6 4. Nf3 g6 5. c4 Nb6 6. Be2 Bg7 7. Bf4 0-0 8. 0-0 Nc6 9. exd6 cxd6 10. Nc3 Bg4 11. d5 Bxf3 12. Bxf3 Ne5 13. Bxe5 Bxe5 14. Qd3 Rc8 15. b3 Nd7 16. Rac1 Nc5 17. Qe3 Qa5 18. Rc2 a6 19. Rb1 Qb4 20. g4 b5 21. Be2 bxc4 22. bxc4 Qa5 23. f4 Bxc3 24. Qxc3 Qxc3 25. Rxc3 Rb8 26. Rcc1 Kg7 27. Kg2 h6 28. h3 f6 29. Kf3 Kf7 30. f5 g5 31. Ke3 Rfc8 32. Bd3 Ke8 33. Rxb8 Rxb8 34. Rb1 Rxb1 35. Bxb1 Kd7 36. Kd4 Kc7 37. Kc3 Kb6 38. Bc2 Ka5 39. a3 Nd7 40. Kd4 Kb6 41. Ba4 Ne5 42. Bd1 Nf7 43. Bc2 Nd8 44. Bd1 Nb7 45. Bc2 Nc5 46. Bd1 Nd7 47. Bc2 Ne5 48. Bd1 a5 49. a4 Nd7 50. Bc2 Ka6 51. Bb3 Kb7 52. Bc2 Kc7 53. Bb3 Kb6 54. Bc2 Nc5 55. Bd1 Na6 56. Bb3 Nb4 57. Bd1 Na6 58. Bc2 Nc7 59. Bd1 Ne8 60. Bc2 Ng7 61. Bb3 h5 62. Bc2 hxg4 63. hxg4 Ne8 64. Bb3 Nc7 65. Bc2 Na6 66. Bd1 Nc5 67. Bc2 Kc7 68. Bd1 Kb7 69. Bc2 Nd7 70. Bb3 Nc5 71. Bc2 Ka6 72. Bd1 Kb6 73. Bc2 Nd7 74. Bb3 Kc7 75. Bc2 Kb6 76. Bb3 Nb8 77. Bd1 Na6 78. Bc2 Kc7 79. Bd1 Nb4 80. Bb3 Kb6 81. Bd1 Na2 82. Bb3 Nc1 83. Bd1 Na2 84. Bb3 Nb4 85. Bd1 Na6 86. Bc2 Nc5 87. Bd1 Nd7 88. Bc2 Ne5 89. Bd1 Nf7 90. Bc2 Nh6 91. Bd1 Nf7 92. Bc2 Nd8 93. Bb3 Nb7 94. Bd1 Nc5 95. Bc2 Na6 96. Bd1 Kb7 97. Bc2 Nb4 98. Bb3 Kb6 99. Bd1 Na6 100. Bc2 Kc7 101. Bd1 Nb4 102. Bb3 Kb6 103. Bd1 Na2 104. Bb3 Nc1 105. Bd1 1/2-1/2

[Event "CRO-ch U13"]
[Site "Trogir"]
[Date "2022.06.24"]
[Round "4"]
[White "Kucelj, Kevin"]
[Black "Brlekovic, Dominik1"]
[Result "1-0"]
[WhiteElo "1416"]
[BlackElo "1821"]
[PlyCount "69"]
[EventDate "2022.06.22"]
[EventType "swiss"]
[EventRounds "9"]
[EventCountry "CRO"]
[SourceTitle "CBM 209 Extra"]
[Source "ChessBase"]
[SourceDate "2022.09.30"]
[SourceVersion "1"]
[SourceVersionDate "2022.09.30"]
[SourceQuality "1"]

1. e4 e5 2. Nf3 Nc6 3. Bc4 Bc5 4. d4 Bxd4 5. Nxd4 exd4 6. 0-0 Nge7 7. c3 dxc3 8. Nxc3 0-0 9. a3 a5 10. f4 d6 11. Qe1 Be6 12. Bd5 Bxd5 13. exd5 Nd4 14. Qd1 c5 15. dxc6 Nexc6 16. Qg4 Nb3 17. Rb1 f5 18. Qf3 Nxc1 19. Rbxc1 Qb6+ 20. Rf2 Rad8 21. Nd5 Qd4 22. Qb3 Rf7 23. Nc7 Rb8 24. Rxc6 Re8 25. Nxe8 bxc6 26. Qe6 Qd1+ 27. Rf1 Qd4+ 28. Kh1 Qd5 29. Qxd5 cxd5 30. Nxd6 Rd7 31. Nxf5 d4 32. Rd1 d3 33. Kg1 Rf7 34. g4 g6 35. Nh6+ 1-0

[Event "CRO-ch U11"]
[Site "Trogir"]
[Date "2021.06.21"]
[Round "5"]
[White "Kucelj, Kevin"]
[Black "Juric, Vito"]
[Result "1-0"]
[WhiteElo "1383"]
[BlackElo "1244"]
[PlyCount "83"]
[EventDate "2021.06.19"]
[EventType "swiss"]
[EventRounds "9"]
[EventCountry "CRO"]
[SourceTitle "EXT 2022"]
[Source "ChessBase"]
[SourceDate "2021.10.06"]
[SourceVersion "1"]
[SourceVersionDate "2021.10.06"]
[SourceQuality "1"]

1. c4 c5 2. Nf3 Nc6 3. g3 g6 4. Bg2 Bg7 5. Nc3 Nf6 6. 0-0 e5 7. d3 0-0 8. Bg5 d6 9. Nd5 Be6 10. Bxf6 Bxf6 11. Nxf6+ Qxf6 12. Qd2 Qg7 13. Ng5 Bd7 14. Ne4 f5 15. Nxd6 Rab8 16. e3 a6 17. d4 cxd4 18. exd4 exd4 19. c5 b6 20. cxb6 Rxb6 21. Nc4 Rbb8 22. Rfe1 Qf6 23. b3 Rfe8 24. Bd5+ Kg7 25. Rxe8 Rxe8 26. Nb6 Ne5 27. Nxd7 Nxd7 28. Rd1 Nb6 29. Bb7 Rd8 30. Bxa6 Ra8 31. Bb5 Rd8 32. Qf4 Rd6 33. Qd2 Qe5 34. Qa5 Kh6 35. a4 Qc5 36. Qd2+ Kg7 37. Rc1 Qe5 38. Rc7+ Kf6 39. h4 Ke6 40. Rxh7 Rd5 41. Rh6 Qf6 42. h5 1-0

[Event "CRO-ch U11"]
[Site "Trogir"]
[Date "2021.06.19"]
[Round "1"]
[White "Kucelj, Kevin"]
[Black "Simicic, Adrian"]
[Result "1-0"]
[WhiteElo "1383"]
[BlackElo "1688"]
[PlyCount "85"]
[EventDate "2021.06.19"]
[EventType "swiss"]
[EventRounds "9"]
[EventCountry "CRO"]
[SourceTitle "EXT 2022"]
[Source "ChessBase"]
[SourceDate "2021.10.06"]
[SourceVersion "1"]
[SourceVersionDate "2021.10.06"]
[SourceQuality "1"]

1. c4 e5 2. Nf3 Nc6 3. Nc3 Nf6 4. e3 Bb4 5. a3 Bxc3 6. bxc3 0-0 7. d4 e4 8. Nd2 d6 9. Be2 d5 10. 0-0 a6 11. Qc2 Bg4 12. f3 exf3 13. Bxf3 Qd6 14. Bd1 Rae8 15. Rxf6 Qxf6 16. Bxg4 Rxe3 17. Nf3 Re4 18. Bh3 Rfe8 19. Bg5 Qg6 20. cxd5 h6 21. Qf2 hxg5 22. dxc6 bxc6 23. Ne5 Qf6 24. Qxf6 gxf6 25. Nxc6 g4 26. Bxg4 Rxg4 27. h3 Rg3 28. Nb4 Rxc3 29. Nxa6 Ree3 30. d5 Rxa3 31. Rxa3 Rxa3 32. Nxc7 Rc3 33. d6 Rd3 34. Ne8 Kf8 35. Nxf6 Rxd6 36. Ng4 f5 37. Ne3 f4 38. Ng4 Kg7 39. Ne5 Kf6 40. Nf3 Kf5 41. Kf2 Rc6 42. Nd4+ Ke4 43. Nxc6 1-0

[Event "Krapina op 10th"]
[Site "Krapina"]
[Date "2020.01.19"]
[Round "7"]
[White "Kucelj, Kevin"]
[Black "Vincelj, Leopold"]
[Result "1/2-1/2"]
[WhiteElo "1770"]
[BlackElo "1630"]
[PlyCount "32"]
[EventDate "2020.01.16"]
[EventType "swiss"]
[EventRounds "7"]
[EventCountry "CRO"]
[SourceTitle "CBM 194 Extra"]
[Source "ChessBase"]
[SourceDate "2020.03.31"]
[SourceVersion "1"]
[SourceVersionDate "2020.03.31"]
[SourceQuality "1"]

1. d4 e6 2. c4 b6 3. Nf3 Bb7 4. Nbd2 Nf6 5. e3 Be7 6. Be2 c5 7. dxc5 Bxc5 8. Qc2 Nc6 9. a3 a5 10. b3 Qc7 11. 0-0 0-0 12. h3 Be7 13. Bd3 h6 14. Qd1 d6 15. Kh1 Ne5 16. Qc2 Nc6 1/2-1/2

[Event "Krapina op 10th"]
[Site "Krapina"]
[Date "2020.01.19"]
[Round "6"]
[White "Popov, Luka"]
[Black "Kucelj, Kevin"]
[Result "1-0"]
[WhiteElo "1600"]
[BlackElo "1770"]
[PlyCount "49"]
[EventDate "2020.01.16"]
[EventType "swiss"]
[EventRounds "7"]
[EventCountry "CRO"]
[SourceTitle "CBM 194 Extra"]
[Source "ChessBase"]
[SourceDate "2020.03.31"]
[SourceVersion "1"]
[SourceVersionDate "2020.03.31"]
[SourceQuality "1"]

1. d4 d5 2. Bf4 e6 3. e3 Nf6 4. Nd2 Be7 5. c3 Nbd7 6. Bd3 0-0 7. Ngf3 b6 8. Ne5 Bb7 9. g4 c5 10. g5 Ne4 11. h4 c4 12. Bc2 f5 13. gxf6 Nexf6 14. Qf3 Qe8 15. 0-0-0 a5 16. Rdg1 Nh5 17. Nxd7 Nxf4 18. Nxf8 Nd3+ 19. Bxd3 cxd3 20. Nxe6 Qa4 21. Rxg7+ Kh8 22. Rxh7+ Kxh7 23. Qh5+ Kg8 24. Qg6+ Kh8 25. Qg7# 1-0

[Event "Krapina op 10th"]
[Site "Krapina"]
[Date "2020.01.16"]
[Round "1"]
[White "Kucelj, Kevin"]
[Black "Vidic, Zoran"]
[Result "0-1"]
[WhiteElo "1770"]
[BlackElo "1927"]
[PlyCount "58"]
[EventDate "2020.01.16"]
[EventType "swiss"]
[EventRounds "7"]
[EventCountry "CRO"]
[SourceTitle "CBM 194 Extra"]
[Source "ChessBase"]
[SourceDate "2020.03.31"]
[SourceVersion "1"]
[SourceVersionDate "2020.03.31"]
[SourceQuality "1"]

1. d4 Nf6 2. c4 g6 3. Nc3 Bg7 4. Nf3 d5 5. e3 0-0 6. cxd5 Nxd5 7. Be2 c5 8. 0-0 Nc6 9. Nxd5 Qxd5 10. dxc5 Qxc5 11. Rb1 Bf5 12. Ra1 Rfd8 13. Nd2 Nb4 14. e4 Be6 15. Kh1 Nc2 16. Rb1 Bxa2 17. b4 Qc7 18. Rb2 Bxb2 19. Bxb2 Nxb4 20. Ba3 Nd3 21. Qa1 Qc2 22. Bxd3 Rxd3 23. Bxe7 Rxd2 24. Qf6 Qxe4 25. Bd6 Qe6 26. Qxe6 fxe6 27. Bf4 Re2 28. Bh6 Bd5 29. h3 a5 0-1